|
|
|
|
| LEADER |
01746nam a22003614a 4500 |
| 001 |
EBC495011 |
| 003 |
MiAaPQ |
| 005 |
20200520144314.0 |
| 006 |
m o d | |
| 007 |
cr cn||||||||| |
| 008 |
040518s2004 ctu sb 001 0 eng |
| 010 |
|
|
|z 2004011893
|
| 020 |
|
|
|z 0275978001 (alk. paper)
|
| 035 |
|
|
|a (MiAaPQ)EBC495011
|
| 035 |
|
|
|a (Au-PeEL)EBL495011
|
| 035 |
|
|
|a (CaPaEBR)ebr10349765
|
| 035 |
|
|
|a (CaONFJC)MIL240821
|
| 035 |
|
|
|a (OCoLC)243595530
|
| 040 |
|
|
|a MiAaPQ
|c MiAaPQ
|d MiAaPQ
|
| 050 |
|
4 |
|a HD2336.3
|b .E38 2004
|
| 082 |
0 |
4 |
|a 306.3/6
|2 22
|
| 100 |
1 |
|
|a Ellison, Nicole B.,
|d 1968-
|
| 245 |
1 |
0 |
|a Telework and social change
|h [electronic resource] :
|b how technology is reshaping the boundaries between home and work /
|c Nicole B. Ellison.
|
| 260 |
|
|
|a Westport, Conn. :
|b Praeger,
|c 2004.
|
| 300 |
|
|
|a 169 p.
|
| 504 |
|
|
|a Includes bibliographical references (p. [153]-165) and index.
|
| 505 |
0 |
|
|a The social and organizational dimensions of telework -- What we know about telework -- iLAN systems: a distributed work environment -- XYZ systems: remote management's commitment to telework -- Impact of telework on the organization: changing patterns of management, work, and socialization -- Impact of telework in the home: changing access to work -- Moving forward in telework research and practice.
|
| 533 |
|
|
|a Electronic reproduction. Ann Arbor, MI : ProQuest, 2015. Available via World Wide Web. Access may be limited to ProQuest affiliated libraries.
|
| 650 |
|
0 |
|a Telecommuting
|x Social aspects.
|
| 650 |
|
0 |
|a Telecommuting
|v Case studies.
|
| 655 |
|
4 |
|a Electronic books.
|
| 710 |
2 |
|
|a ProQuest (Firm)
|
| 856 |
4 |
0 |
|u https://ebookcentral.proquest.com/lib/matrademy/detail.action?docID=495011
|z Click to View
|